| 000 | 00750cam a22002051 4500 | ||
|---|---|---|---|
| 001 | ca 34000220 | ||
| 003 | DLC | ||
| 005 | 20260227111130.0 | ||
| 008 | 810717s1933 nyu 000 0 eng | ||
| 010 | _aca 34000220 | ||
| 035 | _a(OCoLC)7595053 | ||
| 040 |
_aDLC _cCU-I _dDLC |
||
| 042 | _apremarc | ||
| 050 | 0 | 0 |
_aAE5 _b.N2781 1933 |
| 130 | 4 | _aThe National encyclopedia. | |
| 245 | 1 | 0 |
_aQuestion manual for use with the National encyclopedia, _ceditor in chief, Henry Suzzallo ... a list of three thousand five hundred interesting questions, classified according to subjects, affording a course of home study. |
| 260 |
_aNew York, _bP.F. Collier & son company _c[c1933] |
||
| 300 |
_a80 p. _c26 cm. |
||
| 700 | 1 |
_aSuzzallo, Henry, _d1875-1933, _eed. |
|
| 999 |
_c17252 _d17252 |
||